000 00920cam a2200277 4500
008 000000n2001 000 0 eng u
020 _a0792372131
035 _a(Sirsi) u101848
041 _aENG
050 _a711.73
100 _aChrest, Anthony P.
245 _aParking structures : planning, design, construction, maintenance and repair.
250 _a3rd ed.
260 _aBoston, Mass.
_bKluwer Academic Publishers
_c2001
300 _axxxi,856p. : ill. ; 24cm.
350 _a95.00
520 _aAn American book aimed at designers, builders and owners of parking facilities, which covers planning, design, specification, security, safety, repairs and maintenance.
650 _aCAR PARKS
650 _aMULTI-STOREY CAR PARKS
690 _aBUILT ENVIRONMENT
700 _aSmith, Mary S.
700 _aBhuyan, Sam
700 _aIqbal, Mohammad
700 _aMonahan, Donald R.
942 _n0
999 _c100043
_d100043